[Event "SLO-ch U14"]
[Site "Murska Sobota"]
[Date "2006.02.27"]
[Round "3"]
[White "Belsak, Zan"]
[Black "Lerher, David"]
[Result "1/2-1/2"]
[WhiteElo "1653"]
[BlackElo "1500"]
[PlyCount "116"]
[EventDate "2006.02.26"]
[EventType "swiss"]
[EventRounds "9"]
[EventCountry "SLO"]
[SourceTitle "EXT 2009"]
[Source "ChessBase"]
[SourceDate "2008.11.26"]
[SourceVersion "1"]
[SourceVersionDate "2008.11.26"]
[SourceQuality "1"]

1. e4 e5 2. Nf3 Nc6 3. Bc4 Bc5 4. d3 h6 5. Nc3 Nf6 6. Be3 Bb6 7. Qd2 d6 8. h3 Be6 9. Bb3 Qd7 10. 0-0-0 0-0-0 11. d4 Bxb3 12. axb3 Rhe8 13. d5 Ne7 14. Bxb6 cxb6 15. Rhe1 Ng6 16. Re3 Qe7 17. Kb1 Kb8 18. Ne1 Nf8 19. Ne2 N8d7 20. Ng3 g6 21. f3 Nc5 22. Nd3 Rc8 23. b4 Nxd3 24. Rxd3 h5 25. Ra3 Rc7 26. b3 b5 27. Qe3 a6 28. Rc1 Rec8 29. c3 Nd7 30. Nf1 Qf6 31. Kb2 Qf4 32. Qe1 Qg5 33. Rc2 Nb6 34. Ra1 Qe7 35. Qf2 Na8 36. Nd2 Qd7 37. Nb1 Qe8 38. Ra5 f5 39. Nd2 Qf7 40. Qe3 f4 41. Qf2 Qe8 42. Nb1 Qd8 43. Ka1 Rg7 44. Rca2 Qb6 45. Qxb6 Nxb6 46. Rd2 Rgc7 47. Raa2 h4 48. Rac2 g5 49. Rd1 Ka7 50. Rdc1 Kb8 51. Kb2 Ka7 52. Nd2 Kb8 53. c4 bxc4 54. Nxc4 Nxc4+ 55. bxc4 b6 56. Kb3 Kb7 57. Kb2 Ka7 58. Kb3 Kb7 1/2-1/2